| 000 | 00903cad a22001935a 4500 | ||
|---|---|---|---|
| 001 | E152921 | ||
| 008 | 110516s2011 xxk f 000 0 eng d | ||
| 035 | _a(Sirsi) u152921 | ||
| 041 | 0 | _aeng | |
| 110 | 2 |
_aScottish Natural Heritage _92794 |
|
| 245 | 0 | 0 |
_aConsultation on the draft code of practice on deer management _h[electronic resource] |
| 260 |
_aRedgorton _bSNH _c2011 |
||
| 520 | _aSeeks views on the draft Code of Practice on Deer Management, which was introduced by the Wildlife and Natural Environment (Scotland) Act 2011. Deadline for comments is 1 July 2011. | ||
| 590 | _aKA | ||
| 651 | 4 |
_aScotland _y1999- |
|
| 690 | _aENVIRONMENTAL AND LAND CONSULTANCY-ENVIRONMENTAL MANAGEMENT-ENVIRONMENTAL CONSERVATION | ||
| 856 | 4 | 0 |
_uhttps://www.snh.gov.uk/land-and-sea/managing-wildlife/managing-deer/code-of-deer-management/ _zView the consultation free of charge at www.snh.org.uk |
| 942 | _n0 | ||
| 999 |
_c112267 _d112267 |
||